Comprendre Durkheim (notice n° 1568678)
[ vue normale ]
| 000 -LEADER | |
|---|---|
| fixed length control field | 01441cam a2200133 4500500 |
| 005 - DATE AND TIME OF LATEST TRANSACTION | |
| control field | 20251214005117.0 |
| 041 ## - LANGUAGE CODE | |
| Language code of text/sound track or separate title | fre |
| 042 ## - AUTHENTICATION CODE | |
| Authentication code | dc |
| 100 10 - MAIN ENTRY--PERSONAL NAME | |
| Personal name | Coenen-Huther, Jacques |
| Relator term | author |
| 245 00 - TITLE STATEMENT | |
| Title | Comprendre Durkheim |
| 260 ## - PUBLICATION, DISTRIBUTION, ETC. | |
| Name of publisher, distributor, etc. | Armand Colin,<br/> |
| Date of publication, distribution, etc. | 2010.<br/> |
| 520 ## - SUMMARY, ETC. | |
| Summary, etc. | Philosophe, sociologue et moraliste, Émile Durkheim (1858-1917) est entré dans l’histoire comme le fondateur de l’École française de sociologie. Il s’employa à faire prévaloir une conception scientifique de la sociologie. La crise du lien social appelait à ses yeux une réorganisation des rapports sociaux et une moralisation de la vie économique. Il souhaitait clarifier les choix politiques par une connaissance de la société acquise selon des normes rigoureuses de scientificité. Se méfiant de l’introspection, il recommandait d’adopter à l’égard des faits sociaux une attitude mentale comparable à celle qu’exige l’étude des phénomènes naturels. Cet ouvrage, offrant un bilan critique de l’œuvre de Durkheim, s’adresse aux étudiants en sociologie et en sciences politiques, aux élèves des grandes écoles, aux enseignants en sciences humaines et sociales ainsi qu’aux chercheurs en sociologie, toujours aux prises avec les dilemmes de méthode auxquels furent confrontés Durkheim et les durkheimiens. |
| 856 41 - ELECTRONIC LOCATION AND ACCESS | |
| Uniform Resource Identifier | <a href="https://shs.cairn.info/comprendre-durkheim--9782200354589?lang=fr&redirect-ssocas=7080">https://shs.cairn.info/comprendre-durkheim--9782200354589?lang=fr&redirect-ssocas=7080</a> |
Pas d'exemplaire disponible.




Réseaux sociaux